Advanced level physics, (Record no. 3311)

000 -LEADER
fixed length control field 00716cam a2200277 4500
001 - CONTROL NUMBER
control field 1557028
003 - CONTROL NUMBER IDENTIFIER
control field OSt
005 - DATE AND TIME OF LATEST TRANSACTION
control field 20170105101213.0
008 - FIXED-LENGTH DATA ELEMENTS--GENERAL INFORMATION
fixed length control field 750411s1958 xx 000 0 eng d
015 ## - NATIONAL BIBLIOGRAPHY NUMBER
National bibliography number GB58-8634
029 1# - OTHER SYSTEM CONTROL NUMBER (OCLC)
OCLC library identifier UKM
System control number b5808634
035 ## - SYSTEM CONTROL NUMBER
System control number (OCoLC)ocm01269652
035 ## - SYSTEM CONTROL NUMBER
System control number (NNC)1557028
040 ## - CATALOGING SOURCE
Original cataloging agency GAT
Transcribing agency GAT
Modifying agency UKM
082 04 - DEWEY DECIMAL CLASSIFICATION NUMBER
Classification number 530
Edition number 18
090 ## - LOCALLY ASSIGNED LC-TYPE CALL NUMBER (OCLC); LOCAL CALL NUMBER (RLIN)
Classification number (OCLC) (R) ; Classification number, CALL (RLIN) (NR) QC21
Local cutter number (OCLC) ; Book number/undivided call number, CALL (RLIN) .N38x
100 1# - MAIN ENTRY--PERSONAL NAME
Personal name Nelkon, Michael.
245 10 - TITLE STATEMENT
Title Advanced level physics,
Statement of responsibility, etc. by M. Nelkon and P. Parker.
260 ## - PUBLICATION, DISTRIBUTION, ETC.
Place of publication, distribution, etc. Melbourne,
Name of publisher, distributor, etc. Heinemann
Date of publication, distribution, etc. [1958]
300 ## - PHYSICAL DESCRIPTION
Extent 1057 p.
Other physical details illus., tables.
Dimensions 23 cm.
650 #0 - SUBJECT ADDED ENTRY--TOPICAL TERM
Topical term or geographic name entry element Physics.
700 1# - ADDED ENTRY--PERSONAL NAME
Personal name Parker, P.
Fuller form of name (Philip),
Relator term author.
942 ## - ADDED ENTRY ELEMENTS (KOHA)
Source of classification or shelving scheme
Koha item type Book
Holdings
Withdrawn status Lost status Source of classification or shelving scheme Damaged status Not for loan Collection code Permanent Location Current Location Shelving location Date acquired Total Checkouts Full call number Barcode Date last seen Price effective from Koha item type
            Central Library (CL) Central Library (CL) General Stacks 06/01/2016   530 NEL S3H-D-145 06/01/2016 06/01/2016 Book
© 2023 Central Library, National University of Sciences and Technology. All Rights Reserved.